Šeptající les. Dobrodružství začíná /
Příběh z fantasy série odehrávající se v magickém lese obývaném mnoha tajemnými bytostmi.
Uloženo v:
| Série: | Šeptající les,
část 1 |
|---|---|
| Hlavní autor: | |
| Další autoři: | |
| Médium: | E-kniha |
| Jazyk: | Czech |
| Vydáno: |
Praha :
Dobrovský s.r.o.,
2022
|
| Edice: | Drobek
|
| Témata: | |
| Příbuzné jednotky: | Z cyklu::
Šeptající les |
| Tagy: |
Žádné tagy |
| LEADER | 02853nam a2200517 i 4500 | ||
|---|---|---|---|
| 001 | 311721 | ||
| 003 | CZ PrSKC | ||
| 005 | 20260601215710.0 | ||
| 007 | ta | ||
| 008 | 220916s2022 xr a c 000 f cze | ||
| 015 | |a cnb003449260 | ||
| 020 | |a 9788027711376 |q (vázáno) | ||
| 035 | |a (OCoLC)1350559401 | ||
| 040 | |a ABG001 |b cze |d ABA001 |e rda | ||
| 041 | 1 | |a cze |h ger | |
| 072 | 7 | |a 821.112.2-3 |x Německá próza, německy psaná |2 Konspekt | |
| 072 | 7 | |a 821-93 |x Literatura pro děti a mládež (beletrie) |2 Konspekt | |
| 080 | |a 821.112.2-31 |2 MRF | ||
| 080 | |a 821-93 |2 MRF | ||
| 080 | |a (0:82-312.9) |2 MRF | ||
| 100 | 1 | |a Suchanek, Andreas, |d 1982- |7 xx0276859 |4 aut | |
| 240 | 1 | 0 | |a Abenteuer beginnt. |l Česky |
| 245 | 1 | 0 | |a Šeptající les. |p Dobrodružství začíná / |c Andreas Suchanek ; z německého originálu Flüsterwald - Das Abenteuer beginnt přeložila Markéta Trautmanová |
| 246 | 3 | 0 | |a Dobrodružství začíná |
| 264 | 1 | |a Praha : |b Dobrovský s.r.o., |c 2022 | |
| 300 | |a 232 stran : |b ilustrace ; |c 21 cm | ||
| 336 | |a text |b txt |2 rdacontent | ||
| 337 | |a bez média |b n |2 rdamedia | ||
| 338 | |a svazek |b nc |2 rdacarrier | ||
| 490 | 1 | |a Drobek | |
| 520 | 2 | |a Příběh z fantasy série odehrávající se v magickém lese obývaném mnoha tajemnými bytostmi. |b Uprostřed noci Lukáše náhle něco vyděsilo. Jeho pokojem se plížilo stvoření podobné šotkovi a chystalo se prchnout s pytlem na zádech plným ukradených věcí z jejich domu. Lukáš ho začne pronásledovat - do středu lesa, který se nachází za jejich domem. Netuší však, že tím pronikl do sféry kouzel zakázaného světa. Do světa, ve kterém jsou lidé nemilosrdně pronásledování Warky - temnými bytostmi, které vypadají jako stíny. Na cestě plné nástrah a dobrodružství dělají Lukášovi společnost lesní stvoření - víla Štěstěnka, Menok Rani a kočka Panči. Nakladatelská anotace. Kráceno. | |
| 655 | 7 | |a německé romány |7 fd132945 |2 czenas | |
| 655 | 7 | |a fantasy romány |7 fd184199 |2 czenas | |
| 655 | 7 | |a publikace pro děti |7 fd133156 |2 czenas | |
| 655 | 9 | |a German fiction |2 eczenas | |
| 655 | 9 | |a fantasy novels |2 eczenas | |
| 655 | 9 | |a children's literature |2 eczenas | |
| 700 | 1 | |a Trautmanová, Markéta |4 trl | |
| 765 | 1 | |t Flüsterwald | |
| 787 | 0 | 8 | |i Z cyklu: |t Šeptající les |g 1 |
| 830 | 0 | |a Drobek | |
| 900 | |a ABA001 |b 21 | ||
| 044 | |a xr | ||
| 910 | |a RBIT002 | ||
| 998 | |d 362570 |a https://core.palmknihy.cz/api/books/362570/cover?rkd084 |b https://core.palmknihy.cz/api/books/362570/cover/400?rkd084 |c https://core.palmknihy.cz/api/books/362570/cover/50?rkd084 |e 2026-11-02 |g 240 |i 9788027711376 |j https://core.palmknihy.cz/api/books/362570/preview.epub |k https://core.palmknihy.cz/api/books/362570/preview.pdf |l |q 49 |r 1 |s https://www.palmknihy.cz/kniha/362570 |t ebook |y 2022 |z 0 |v Šeptající les |w 1 | ||
| 999 | |d 311719 | ||